000 00375nam a2200169Ia 4500
001 5979
003 IN-NITTTR
005 20251114233014.0
008 251113s9999||||xx |||||||||||||| ||eng||
040 _beng
040 _cIN-NITTTR
041 _aeng
082 _a515.43 G412I
100 _aGillespie, R. P.
245 0 _aIntegration /
_cGillespie, R. P.
942 _2ddc
_cBK
999 _c8617
_d8617